Network Analysis/ (Record no. 172448)

MARC details
000 -LEADER
fixed length control field 00603nam a22002057a 4500
005 - DATE AND TIME OF LATEST TRANSACTION
control field 20211216124448.0
010 ## - LCCN (DPL NO)
LC control number ENG-127646
020 ## - INTERNATIONAL STANDARD BOOK NUMBER
International Standard Book Number 9789353433123
Terms of availability 579.00
035 ## - SYSTEM CONTROL NUMBER
System control number EN-111178
037 ## - SOURCE OF ACQUISITION
Source of stock number/acquisition DBAD/PUB
082 ## - DEWEY DECIMAL CLASSIFICATION NUMBER
Classification number 621.3192
100 ## - MAIN ENTRY--PERSONAL NAME
Personal name Valkenburg,E.Van
245 ## - TITLE STATEMENT
Title Network Analysis/
Remainder of title M.E.Van Valkenburg.
250 ## - EDITION STATEMENT
Edition statement 3re rev.
260 ## - PUBLICATION, DISTRIBUTION, ETC. (IMPRINT)
Place of publication, distribution, etc Noida
Name of publisher, distributor, etc Pearson
Date of publication, distribution, etc 2019
270 ## - ADDRESS
City Noida
Address 15th floor,Tower-B,World Trade Tower,plot no.1,Block-c,sector 16
Postal code 201301
300 ## - PHYSICAL DESCRIPTION
Extent xviii;703p.
Other physical details 24cm(pbk)
500 ## - GENERAL NOTE
General note includes index
942 ## - ADDED ENTRY ELEMENTS (KOHA)
Source of classification or shelving scheme Dewey Decimal Classification
Item type English Books
Classification part 621.3192
Call number suffix VAL
Holdings
Withdrawn status Lost status Not for loan Collection code Home library Current library Date acquired Source of acquisition Cost, normal purchase price Full call number Barcode Copy number Cost, replacement price Koha item type
      Non-fiction Shahdara Branch Shahdara Branch 05/02/2020 DBAD/PUB 579.00 621.3192 VAL EN-111178 1 579.00 English Books

© Delhi Public Library
Hit Counter
free hit counter